000 01107nam a22002777a 4500
005 20180312141940.0
008 130821s1995 mx a gr spa
020 _a0744522889
040 _aCO-BoUCM
_bspa
_cJose A. Gerena (modificó)
_dAldemar Mondragón
041 0 0 _aspa
100 1 _aFrench, Vivian
_937489
245 1 3 _aLa silla fantástica de Tili Maguili
_cVivian French ; ilustraciones de Juan Gedovius ; traducción de María Teresa Solana
260 _aMéxico D.F. (México)
_bFondo de Cultura Económica
_c1995
300 _a30 páginas
_bilustraciones
490 0 _aColección A la Orilla del Viento
_v73
650 7 _aCuentos ingleses
_912291
650 7 _aLibros ilustrados para niños
_918516
650 7 _aLibros y lectura para niños
_918524
650 7 _aLiteratura infantil inglesa
_937709
690 _aLiteratura europea
700 1 _aGedovius, Juan
_eilustrador
_939722
700 1 _aSolana, María Teresa
_etraductor
_939690
765 _tTillie McGillie´s fanstastical chair
942 _cLIBRO
_a18
_e1
_mF873s
_2DEWEY
_h828.914
_n0
999 _c167264
_d167264